| 000 -LEADER |
| fixed length control field |
00799nam a22001217a 4500 |
| 008 - FIXED-LENGTH DATA ELEMENTS--GENERAL INFORMATION |
| fixed length control field |
160213b xxu||||| |||| 00| 0 eng d |
| 100 ## - MAIN ENTRY--AUTHOR'S NAME |
| Author's Name |
Hunt, Bryan |
| 245 ## - TITLE STATEMENT |
| Title |
The Cross-Channel services. Part I : |
| Remainder of title |
Southampton-Channel Islands-Havre routes to 1940 |
| 260 ## - PUBLICATION, DISTRIBUTION, ETC. (IMPRINT) |
| Place of publication, distribution, etc. |
Newbury, Berkshire, England |
| Name of publisher, distributor, etc. |
Philip Cockrill |
| Date of publication, distribution, etc. |
1984 |
| 490 ## - SERIES STATEMENT |
| Series statement |
Cockrill series booklet ; no. 42 |
| 650 ## - TOPICAL TERM (Tag) |
| Topical term or geographic name |
Great Britain | France | Channel Islands | English Channel | Europe | Maritime Mail | Shipping Companies and Packet Service | Postal History | Transportation of Mail | Postal Service | Covers Pre-adhesive Covers | Fee Paid Mail | Postal Markings | Postal Routes | Postal Rates | Postal Laws and Regulations | Laws and Regulations | Postal Conventions | 19th Century | 20th Century | 18th Century |
| 700 ## - SECONDARY AUTHOR, EDITOR OR ILLUSTRATOR |
| Personal Name |
Cockrill, Philip |